Villes françaises ayant des points communs (3) - Statistiques

Statistiques générales
  • Ce quiz a été pris 150 fois
  • Le résultat moyen est 10 sur 12
Statistiques - réponses
Hint Réponse % Correct
Blois, Tours, Versailles Anciennes capitales royales
92%
Megève, La Plagne, Courchevel Stations de sports d'hiver
92%
Dax, Vichy, Évian-les-Bains Villes thermales
88%
Deauville, Angoulême, Menton Connues pour leurs festivals
87%
Cannes, Biarritz, Boulogne-sur-Mer Sur le littoral
86%
Montpellier, Béziers, Sète Dans le même département
83%
Villeurbanne, Aulnay-sous-Bois, Illkirch-Graffenstaden En banlieue
80%
Manosque, Gap, Chambéry Dans un département frontalier avec l'Italie
77%
Saint-Malo, Besançon, Longwy Fortifiées par Vauban
72%
Bar-le-Duc, Aurillac, Poitiers Avec le même nombre de lettres
69%
Brest, Reims, Cherbourg Sous-préfectures
66%
Nantes, Amiens, Blois Pillées par les Vikings
58%
Aucun quiz correspondant
Distribution des résultats
% des personnes avec chaque résultat
Percentile par nombre de réponses
Votre historique - résultats
Vous n’avez pas pris ce quiz